000 00430cam a2200157ua 4500
041 _aeng
_h
082 _a535.52
_bSHU/PO
100 _aShureliff, William A .
245 _aPolarized light: Production and use /
_cWilliam A Shureliff.
_hTextual Documents
250 _a1 /
_b.
260 _aCambridge :
_bHarvard university press ,
_c1962.
300 _a207 :
_b506 ; .
504 _a
942 _cBK
999 _c10536
_d10536